Balíček ekonomických opatrení zo 7.1.1999
Zámery na riešenie makroekonomickej nerovnováhy a konkurencieschopnosti slovenskej ekonomiky. Opatrenia na obnovenie finančnej disciplíny, redukciu výdavkov a mobilizáciu príjmov verejných financií. Opatrenia na urýchlenie reštrukturalizácie a zvýšenie zvýšenie konkurencieschopnosti slovenskej ekono...
Salvato in:
| Natura: | Capitolo di libro |
|---|---|
| Lingua: | slovacco |
| Soggetti: | |
| Tags: |
Nessun Tag, puoi essere il primo ad aggiungerne!!
|
MARC
| LEADER | 00000naa a2200000 4500 | ||
|---|---|---|---|
| 001 | r034402 | ||
| 005 | 20230926080844.1 | ||
| 041 | 0 | |a slo | |
| 044 | |a SK | ||
| 245 | 1 | 0 | |a Balíček ekonomických opatrení zo 7.1.1999 |
| 520 | |a Zámery na riešenie makroekonomickej nerovnováhy a konkurencieschopnosti slovenskej ekonomiky. Opatrenia na obnovenie finančnej disciplíny, redukciu výdavkov a mobilizáciu príjmov verejných financií. Opatrenia na urýchlenie reštrukturalizácie a zvýšenie zvýšenie konkurencieschopnosti slovenskej ekonomiky. | ||
| 610 | 2 | 0 | |a politika hospodárska |
| 610 | 2 | 0 | |a opatrenia |
| 610 | 2 | 0 | |a Slovensko |
| 610 | 2 | 0 | |a 1999 |
| 610 | 2 | 0 | |a makroekonomika |
| 610 | 2 | 0 | |a financie verejné |
| 610 | 2 | 0 | |a disciplína finančná |
| 610 | 2 | 0 | |a disciplína hospodárska |
| 610 | 2 | 0 | |a reštrukturalizácia |
| 610 | 2 | 0 | |a nerovnováha hospodárska |
| 610 | 2 | 0 | |a úpravy cien |